000 02002nam0a2200445 4500
001 RU\NLR\bibl\856779
005 20260406044444.0
010 _a5-02-032352-7
_9550
021 _aRU
_b2005-28017
_91408
035 _a(nilc)RSL-KNO-002602145
035 _a(NLR Aleph) 000845495
090 _a1447130
_c1447130
100 _a20050517d2005 |||y0rusy50 ca
101 0 _arus
_deng
_eeng
102 _aRU
105 _ay |||||||||
106 _ar
200 1 _aСоциология адаптаций
_dSociology of adaptations
_eвопросы теории, методологии и методики
_fЛ.В. Корель
_gРос. акад. наук, Сиб. отд-ние, Ин-т экономики и орг. пром. пр-ва
_zeng
210 _aНовосибирск
_cНаука
_d2005
_gСП Наука РАН
215 _a415,[8] с.
_cил.
_d22
300 _aАвт. также на англ. яз.: L.V. Korel'
300 _aИмен. указ.: с. 384-388
300 _aРез. на англ. яз.
320 _aБиблиогр.: с. 407-416
320 _aПредм. указ.: с. 389-395
510 0 _6z11790
_aSociology of adaptations
_zeng
606 1 _aАдаптация социальная
_9917209
_3RU\NLR\auth\6616508
610 0 _aСоциология -- Социальные подсистемы -- Личность и общество -- Социальная детерминация личности
610 0 _aСоциология -- Социальные процессы -- -- Социальное изменение
686 _aС555.354,0
_2rubbk
686 _aС555.75,0
_2rubbk
686 _aС550.7
700 1 _4070
_8rus
_7ca
_aКорель
_bЛ. В.
_gЛюдмила Васильевна
_3RU\NLR\auth\774313
_9114294
790 1 _6z11510
_aKorel'
_bL. V.
_gLjudmila Vasil'evna
_4070
801 0 _aRU
_bRuMoRKP
_c20050517
_grcr
801 1 _aRU
_bRuMoRGB
_c20050517
801 2 _aRU
_bNLR
_c20051019
_grcr
942 _cBOOK
980 _aNB